000
00325 a2200133 4500
000
nam a22 7a 4500
100
_a
S.M. Reddy
110
_a
S.M. Reddy
245
_a
APPLIED MICROBIOLOGY
250
_a
latest edition
260
_b
Scientific Publishers
_c
2025
264
_b
Scientific Publishers
_c
2025
942
_c
BK
999
_c
395724
_d
395724